Name the SPFL Player based on description - Statistics

General Stats
  • This quiz has been taken 6 times
  • The average score is 11 of 15
Answer Stats
Hint Answer % Correct
Known for his intelligence, passing, and work rate, he’s been a key player for years and one of the most successful Scottish players of his generation. He also represented Scotland internationally before retiring from international football in 2024. Callum Mcgregor
100%
He plays as a right-back and is widely recognized for his attacking style, goal-scoring ability, and leadership on the pitch. Despite being a defender, he has scored an unusually high number of goals James Tavernier
100%
He’s known for his sharp finishing, positioning, and consistency in front of goal, regularly being one of the top scorers in the Scottish Premiership. He has also represented Scotland national team at international level. Lawrence Shankland
100%
He’s known for his toughness, leadership, and versatility, having also played at left-back earlier in his career. He is a key figure for Aberdeen thanks to his work rate and experience. Grahame Shinnie
83%
He’s known for his pace, dribbling, and consistency, and is one of Celtic’s most decorated modern players. James Forrest
83%
Known for his pace, direct running, and goal threat, he’s a key attacking player for both club and his homeland Australia, often playing on the right wing. Martin Boyle
83%
Known for his physicality, aerial ability, and defensive awareness, he plays an important role in breaking up opposition attacks. He has also represented the Cyprus national team internationally. Alexander Gogic
67%
He is a veteran goalkeeper who plays for Heart of Midlothian F.C. He’s highly respected for his shot-stopping ability, leadership, and long career at both club and international level Craig Gordon
67%
He’s known for his finishing, movement, and ability to score important goals for Aberdeen. Has also been capped for his national team Scotland Kevin Nisbet
67%
He’s known for his strength, aerial presence, and physical defending.Reliable for his club Hibernian and his national team the DRC Rocky Bushiri
67%
He’s known for his work rate, pressing, and knack for scoring goals, especially after working his way up from the lower leagues. Currently playing for Dundee FC Simon Murray
67%
He’s known for his defensive reliability, work rate, and ability to support attacks down the flank for Motherwell. He has also represented the Scotland national team at international level, including at major tournaments like Euro 2020. Stephen O'Donnell
67%
He is a left-sided player who plays for Dundee United F.C. He’s valued for his versatility, able to play as a wing-back or winger, with good energy and delivery. Will Ferry
67%
He’s recognized for his composure on the ball, passing from defence, and strong defensive positioning. He has represented Scotland at international level. John Souttar
50%
He is a young forward who plays for Motherwell. He’s known for his pace and attacking potential as an emerging talent. Tawanda Maswanhise
50%
No matching quizzes found
Score Distribution
Percent of People with Each Score
Percentile by Number Answered
Your Score History
You have not taken this quiz